[Event "FIDE World Uni Rapid-F 1st"]
[Site "Tornelo INT"]
[Date "2021.03.21"]
[Round "10"]
[White "Antonov, Andrey P"]
[Black "Kunal, Sharma1"]
[Result "0-1"]
[WhiteElo "2137"]
[BlackElo "1324"]
[PlyCount "122"]
[EventDate "2021.03.20"]
[EventType "swiss (rapid)"]
[EventRounds "12"]
[EventCountry "NET"]
[SourceTitle "EXT 2022"]
[Source "ChessBase"]
[SourceDate "2021.10.06"]
[SourceVersion "1"]
[SourceVersionDate "2021.10.06"]
[SourceQuality "1"]

1. e4 c6 2. c4 d5 3. exd5 cxd5 4. cxd5 Nf6 5. Nc3 Nxd5 6. Nf3 g6 7. d4 Bg7 8. Be2 0-0 9. 0-0 Nc6 10. Re1 Re8 11. Bc4 Nb6 12. Bb3 Nxd4 13. Nxd4 Qxd4 14. Qxd4 Bxd4 15. Nb5 Bf6 16. Nc7 Bd7 17. Nxa8 Rxa8 18. Be3 Rc8 19. Rad1 Bc6 20. Bd4 Bxd4 21. Rxd4 e6 22. Red1 Bd5 23. Bxd5 Nxd5 24. h4 Rc2 25. R4d2 Rc6 26. a3 a6 27. h5 gxh5 28. g3 Kg7 29. Kg2 Kg6 30. Re2 Rc4 31. Red2 Kf5 32. Rd4 Rc2 33. R1d2 Rc5 34. Re2 Rc1 35. Rh4 Kg6 36. Kf3 Rc6 37. Re5 Rc2 38. Rexh5 Rxb2 39. Rh6+ Kg7 40. Rxh7+ Kg6 41. a4 b5 42. axb5 axb5 43. R4h6+ Kg5 44. Rh1 Kg6 45. R7h6+ Kg7 46. R6h4 b4 47. Rg4+ Kf6 48. Rc1 Rb3+ 49. Ke2 Ke5 50. Rgc4 Nc3+ 51. Ke1 Rb2 52. Rc8 Ne4 53. f4+ Kd4 54. R8c2 Rxc2 55. Rxc2 b3 56. Rc8 b2 57. Rb8 Kc3 58. Kd1 Nf2+ 59. Ke2 Nd3 60. Rc8+ Kb3 61. Rb8+ Nb4 0-1

[Event "FIDE World Uni Blitz-B 1st"]
[Site "Tornelo INT"]
[Date "2021.03.13"]
[Round "3.3"]
[White "Albornoz Cabrera, Carlos Daniel"]
[Black "Antonov, Andrey P"]
[Result "1-0"]
[WhiteElo "2573"]
[BlackElo "2137"]
[PlyCount "71"]
[EventDate "2021.03.13"]
[EventType "swiss (blitz)"]
[EventRounds "10"]
[EventCountry "NET"]
[SourceTitle "EXT 2022"]
[Source "ChessBase"]
[SourceDate "2021.10.06"]
[SourceVersion "1"]
[SourceVersionDate "2021.10.06"]
[SourceQuality "1"]

1. e4 e5 2. Nf3 Nc6 3. Bb5 g6 4. c3 a6 5. Ba4 d6 6. d4 Bd7 7. h3 Bg7 8. 0-0 Nge7 9. d5 Nb8 10. Bxd7+ Nxd7 11. c4 h6 12. Nc3 f5 13. Ne1 fxe4 14. Nxe4 0-0 15. Nf3 Nf6 16. Nxf6+ Rxf6 17. Nd2 Qd7 18. Ne4 Rf7 19. Be3 Nf5 20. Qe2 b6 21. f3 Nxe3 22. Qxe3 a5 23. b3 Qf5 24. a3 Qf4 25. Qe2 h5 26. g3 Qf5 27. Kg2 Bh6 28. b4 Kh7 29. c5 axb4 30. axb4 bxc5 31. Rxa8 cxb4 32. Rb8 h4 33. g4 Qf4 34. Rxb4 c5 35. Rb6 Ra7 36. Rfb1 1-0

[Event "FIDE World Uni Blitz-B 1st"]
[Site "Tornelo INT"]
[Date "2021.03.13"]
[Round "9.27"]
[White "Antonov, Andrey P"]
[Black "Koster, Chiel"]
[Result "0-1"]
[WhiteElo "2137"]
[BlackElo "1913"]
[PlyCount "72"]
[EventDate "2021.03.13"]
[EventType "swiss (blitz)"]
[EventRounds "10"]
[EventCountry "NET"]
[SourceTitle "EXT 2022"]
[Source "ChessBase"]
[SourceDate "2021.10.06"]
[SourceVersion "1"]
[SourceVersionDate "2021.10.06"]
[SourceQuality "1"]

1. e4 c5 2. c4 Nc6 3. Nc3 e6 4. g3 d6 5. Bg2 Be7 6. Nge2 Nf6 7. 0-0 0-0 8. d3 a6 9. Rb1 Qc7 10. h3 b6 11. Be3 Bb7 12. f4 Rad8 13. Kh2 Rfe8 14. a3 Bf8 15. Bg1 Ne7 16. d4 d5 17. exd5 exd5 18. Qc2 dxc4 19. dxc5 Bxg2 20. Kxg2 b5 21. b3 cxb3 22. Qxb3 Ned5 23. Rb2 Ne3+ 24. Bxe3 Rxe3 25. Qc2 Qc6+ 26. Kh2 Bxc5 27. Rd1 Rxd1 28. Qxd1 h6 29. Qd8+ Kh7 30. Nd1 Re8 31. Qd3+ Kg8 32. Rc2 Qb6 33. g4 Bd6 34. Qf3 Bb8 35. Rc6 Rxe2+ 36. Qxe2 Qxc6 0-1

[Event "FIDE World Uni Blitz-B 1st"]
[Site "Tornelo INT"]
[Date "2021.03.13"]
[Round "10.39"]
[White "Antonov, Andrey P"]
[Black "Ruiz Villalba, Andrea"]
[Result "1-0"]
[WhiteElo "2137"]
[BlackElo "1741"]
[PlyCount "115"]
[EventDate "2021.03.13"]
[EventType "swiss (blitz)"]
[EventRounds "10"]
[EventCountry "NET"]
[SourceTitle "EXT 2022"]
[Source "ChessBase"]
[SourceDate "2021.10.06"]
[SourceVersion "1"]
[SourceVersionDate "2021.10.06"]
[SourceQuality "1"]

1. e4 c5 2. c4 Nc6 3. Nc3 g6 4. g3 Bg7 5. Bg2 e6 6. Nge2 Nge7 7. 0-0 0-0 8. d3 d6 9. Rb1 b6 10. Be3 Nd4 11. b4 Bb7 12. bxc5 dxc5 13. f4 Qd7 14. e5 Bxg2 15. Kxg2 Nef5 16. Qd2 Rfd8 17. Rfd1 Qc6+ 18. Ne4 Nxe3+ 19. Qxe3 Nc2 20. Qf3 Qd7 21. Rd2 Nd4 22. Nxd4 Qxd4 23. h4 h5 24. Nd6 Bf8 25. Ne4 Be7 26. Rbd1 Rd7 27. Nf6+ Bxf6 28. Qxa8+ Rd8 29. Qe4 Be7 30. Qxd4 Rxd4 31. Kf3 Kg7 32. Re2 Bd8 33. Re4 Be7 34. Rxd4 cxd4 35. Ke4 Bc5 36. Rb1 a6 37. Kf3 Kh6 38. g4 Kg7 39. gxh5 gxh5 40. Rg1+ Kh6 41. Rg8 Kh7 42. Rg5 Kh6 43. Rg8 Kh7 44. Ra8 a5 45. Ra7 Kg6 46. Ke4 Kg7 47. Rd7 Kg6 48. Rxd4 Bxd4 49. Kxd4 Kf5 50. Ke3 Kg4 51. d4 Kxh4 52. d5 exd5 53. cxd5 Kg4 54. e6 fxe6 55. dxe6 h4 56. e7 h3 57. e8Q h2 58. Qc6 1-0

[Event "Moscow op-F 14th"]
[Site "Moscow"]
[Date "2018.01.29"]
[Round "4"]
[White "Antonov, Andrey P"]
[Black "Kulpin, Dmitriy"]
[Result "1-0"]
[WhiteElo "2176"]
[BlackElo "1970"]
[PlyCount "89"]
[EventDate "2018.01.26"]
[EventType "swiss"]
[EventRounds "9"]
[EventCountry "RUS"]
[SourceTitle "CBM 182 Extra"]
[Source "ChessBase"]
[SourceDate "2018.02.23"]
[SourceVersion "1"]
[SourceVersionDate "2018.02.23"]
[SourceQuality "1"]

1. e4 c5 2. c4 Nc6 3. Nc3 Nf6 4. g3 d6 5. Bg2 g6 6. Nge2 Bg7 7. 0-0 0-0 8. d3 a6 9. Rb1 Bd7 10. h3 Rb8 11. a4 Ne8 12. Be3 Nc7 13. d4 cxd4 14. Nxd4 Nxd4 15. Bxd4 Bxd4 16. Qxd4 b5 17. cxb5 axb5 18. b3 Ne6 19. Qe3 Nc5 20. axb5 Bxb5 21. Rfd1 Bc6 22. e5 Bxg2 23. Kxg2 Rb7 24. exd6 exd6 25. Nd5 Kg7 26. Re1 h5 27. Qd4+ Kh6 28. b4 Ne6 29. Qd3 Re8 30. b5 Nc5 31. Qd2+ Kg7 32. Qd4+ Kh6 33. b6 Rxe1 34. Rxe1 Ne6 35. Qc3 Kh7 36. Ra1 Rxb6 37. Nxb6 Qxb6 38. Qc8 Qd4 39. Ra8 Qe4+ 40. Kh2 Kh6 41. Qh8+ Kg5 42. Ra5+ f5 43. h4+ Kg4 44. Ra3 Nd4 45. Qxd4 1-0

[Event "Moscow op-F 14th"]
[Site "Moscow"]
[Date "2018.01.27"]
[Round "2"]
[White "Shamsijarov, Aleksandr"]
[Black "Antonov, Andrey P"]
[Result "0-1"]
[WhiteElo "1957"]
[BlackElo "2176"]
[PlyCount "72"]
[EventDate "2018.01.26"]
[EventType "swiss"]
[EventRounds "9"]
[EventCountry "RUS"]
[SourceTitle "CBM 182 Extra"]
[Source "ChessBase"]
[SourceDate "2018.02.23"]
[SourceVersion "1"]
[SourceVersionDate "2018.02.23"]
[SourceQuality "1"]

1. e4 e5 2. Nf3 Nc6 3. Bb5 g6 4. 0-0 Bg7 5. c3 a6 6. Ba4 d6 7. d4 Bd7 8. d5 Nce7 9. Bxd7+ Qxd7 10. c4 h6 11. Nc3 f5 12. Ne1 fxe4 13. Nxe4 Nf6 14. Nxf6+ Bxf6 15. Qb3 b6 16. Nc2 Nf5 17. Qd3 0-0 18. a4 a5 19. Ra3 Rf7 20. Qe4 Bg7 21. Bd2 Kh7 22. Bc3 h5 23. f3 Bh6 24. Rfa1 Qe7 25. b4 axb4 26. Bxb4 Qg5 27. a5 bxa5 28. Bxa5 Nh4 29. g3 Rxa5 30. Ne1 Rxa3 31. Rxa3 Qc1 32. Rd3 Nxf3+ 33. Rxf3 Rxf3 34. Qxf3 Qxe1+ 35. Kg2 Kg7 36. Qb3 Qe2+ 0-1

[Event "Moscow-ch"]
[Site "Moscow"]
[Date "2017.04.04"]
[Round "4"]
[White "Antonov, Andrey P"]
[Black "Selivanov, Ivan"]
[Result "0-1"]
[WhiteElo "2168"]
[BlackElo "2259"]
[PlyCount "48"]
[EventDate "2017.04.01"]
[EventType "swiss"]
[EventRounds "9"]
[EventCountry "RUS"]
[SourceTitle "CBM 177 Extra"]
[Source "ChessBase"]
[SourceDate "2017.04.27"]
[SourceVersion "1"]
[SourceVersionDate "2017.04.27"]
[SourceQuality "1"]

1. e4 c5 2. Nf3 d6 3. c3 Nf6 4. h3 g6 5. Bd3 Bg7 6. 0-0 0-0 7. Bc2 e5 8. d4 exd4 9. cxd4 Nc6 10. d5 Nb4 11. Nc3 Re8 12. Ba4 Bd7 13. Bxd7 Qxd7 14. a3 Na6 15. Qd3 Rac8 16. Nd2 c4 17. Qc2 Nc5 18. f3 b5 19. a4 b4 20. Ncb1 b3 21. Qxc4 Ncxe4 22. Qxb3 Ng3 23. Nc3 Nxf1 24. Nxf1 Re1 0-1

[Event "Moscow-ch"]
[Site "Moscow"]
[Date "2017.04.01"]
[Round "1"]
[White "Antonov, Andrey P"]
[Black "Obolentseva, Alexandra"]
[Result "1/2-1/2"]
[WhiteElo "2168"]
[BlackElo "2346"]
[PlyCount "79"]
[EventDate "2017.04.01"]
[EventType "swiss"]
[EventRounds "9"]
[EventCountry "RUS"]
[SourceTitle "CBM 177 Extra"]
[Source "ChessBase"]
[SourceDate "2017.04.27"]
[SourceVersion "1"]
[SourceVersionDate "2017.04.27"]
[SourceQuality "1"]

1. e4 c5 2. Nf3 d6 3. c3 Nf6 4. h3 g6 5. Bd3 Bg7 6. 0-0 0-0 7. Bc2 Nc6 8. d4 cxd4 9. cxd4 Nb4 10. Bb3 b6 11. a3 Nc6 12. Qe2 Bb7 13. Nc3 Qc8 14. Bc4 Na5 15. Bd3 Nb3 16. Rb1 Nd7 17. Be3 e5 18. Nb5 Qb8 19. Qd1 Nxd4 20. Nbxd4 exd4 21. Bxd4 Bxd4 22. Nxd4 Nc5 23. Re1 Re8 24. Qc2 d5 25. exd5 Bxd5 26. b4 Qf4 27. Ne2 Qg5 28. Ng3 Ne6 29. Be4 Rac8 30. Qa4 b5 31. Qxa7 Nf4 32. h4 Qxh4 33. Bxd5 Nxd5 34. Rxe8+ Rxe8 35. Qd7 Rd8 36. Qc6 Qd4 37. Re1 Nc3 38. Qf3 Rc8 39. Ne4 Nxe4 40. Qxe4 1/2-1/2

[Event "Izhevsk Corporation Cup 6th"]
[Site "Izhevsk"]
[Date "2014.07.19"]
[Round "7"]
[White "Antonov, Andrey P"]
[Black "Shapiro, David"]
[Result "0-1"]
[WhiteElo "2055"]
[BlackElo "2165"]
[PlyCount "168"]
[EventDate "2014.07.12"]
[EventType "swiss"]
[EventRounds "9"]
[EventCountry "RUS"]
[SourceTitle "CBM 161 Extra"]
[Source "ChessBase"]
[SourceDate "2014.08.29"]
[SourceVersion "1"]
[SourceVersionDate "2014.08.29"]
[SourceQuality "1"]

1. e4 g6 2. d4 Bg7 3. Nf3 c6 4. Be2 d5 5. exd5 cxd5 6. 0-0 Nc6 7. c3 Qc7 8. Bg5 Nf6 9. Nbd2 0-0 10. Bd3 Bf5 11. Qe2 e6 12. Rfe1 h6 13. Bxf6 Bxd3 14. Qxd3 Bxf6 15. Nb3 Rfc8 16. Re2 Rab8 17. Rae1 b6 18. a3 a5 19. h4 h5 20. g3 Ne7 21. Ne5 Nf5 22. Qf3 Kg7 23. Nc1 Nd6 24. Ncd3 Ne4 25. Qg2 Bxe5 26. Nxe5 b5 27. Nd3 Qc4 28. Qf3 Rb7 29. Qe3 Qc7 30. Kg2 Kh7 31. Kh2 Qe7 32. f3 Nd6 33. Qf4 Nf5 34. Kg2 Qc7 35. Qxc7 Rcxc7 36. Rd2 Ne7 37. Ra1 Nc6 38. Nc5 Ra7 39. a4 b4 40. Kf2 bxc3 41. bxc3 Ne5 42. Ke2 Nd7 43. Nxd7 Rxd7 44. Rb2 Rdc7 45. Kd3 Rc4 46. Rb5 Kg7 47. Ra3 Kf6 48. Rc5 Rxc5 49. dxc5 e5 50. Rb3 Kf5 51. c4 d4 52. c6 Ra6 53. c7 Rc6 54. Rb5 Rxc7 55. Rxa5 f6 56. Ra8 Rb7 57. a5 Rb3+ 58. Ke2 Re3+ 59. Kf2 Rc3 60. Rc8 Ra3 61. Ra8 Ra4 62. c5 Rc4 63. Rc8 Ke6 64. Rc6+ Kd5 65. Rxf6 Rxc5 66. Rxg6 Rxa5 67. g4 Ra2+ 68. Ke1 hxg4 69. Rxg4 Rh2 70. Re4 Rh1+ 71. Kd2 Ra1 72. Re1 Ra2+ 73. Kd1 Rh2 74. Re4 Rf2 75. h5 Rh2 76. Rg4 Rxh5 77. Kd2 Rh2+ 78. Kd3 Rf2 79. Rg3 Rxf3+ 80. Rxf3 e4+ 81. Ke2 exf3+ 82. Kxf3 Kc4 83. Ke2 Kc3 84. Kd1 Kd3 0-1

[Event "Izhevsk Corporation Cup 6th"]
[Site "Izhevsk"]
[Date "2014.07.15"]
[Round "4"]
[White "Antonov, Andrey P"]
[Black "Akhmetov, Ayan"]
[Result "0-1"]
[WhiteElo "2055"]
[BlackElo "2373"]
[PlyCount "54"]
[EventDate "2014.07.12"]
[EventType "swiss"]
[EventRounds "9"]
[EventCountry "RUS"]
[SourceTitle "CBM 161 Extra"]
[Source "ChessBase"]
[SourceDate "2014.08.29"]
[SourceVersion "1"]
[SourceVersionDate "2014.08.29"]
[SourceQuality "1"]

1. e4 e6 2. d4 d5 3. exd5 exd5 4. Nf3 Nc6 5. Be2 Bd6 6. 0-0 Nge7 7. c4 dxc4 8. Bxc4 0-0 9. Nc3 Bg4 10. Be3 Nf5 11. h3 Bxf3 12. Qxf3 Nfxd4 13. Bxd4 Nxd4 14. Qxb7 Rb8 15. Qd5 c6 16. Qe4 Rxb2 17. Rad1 c5 18. Qd5 Be7 19. Rfe1 Rc2 20. Nb5 Bh4 21. Nxd4 Bxf2+ 22. Kh1 cxd4 23. Re4 Qc7 24. Bb3 Rc5 25. Rexd4 Rxd5 26. Rxd5 g6 27. Rd7 Qf4 0-1

[Event "Izhevsk Corporation Cup 6th"]
[Site "Izhevsk"]
[Date "2014.07.14"]
[Round "3"]
[White "Antonov, Andrey P"]
[Black "Sabaev, Evgueni"]
[Result "1/2-1/2"]
[WhiteElo "2055"]
[BlackElo "2186"]
[PlyCount "74"]
[EventDate "2014.07.12"]
[EventType "swiss"]
[EventRounds "9"]
[EventCountry "RUS"]
[SourceTitle "CBM 161 Extra"]
[Source "ChessBase"]
[SourceDate "2014.08.29"]
[SourceVersion "1"]
[SourceVersionDate "2014.08.29"]
[SourceQuality "1"]

1. e4 c5 2. c4 Nc6 3. Nc3 g6 4. g3 Bg7 5. Bg2 d6 6. Nge2 Rb8 7. d3 a6 8. a4 e6 9. 0-0 Nge7 10. Rb1 0-0 11. Bg5 Bd7 12. Qd2 f6 13. Be3 e5 14. f4 Nd4 15. b3 b6 16. fxe5 dxe5 17. Nd5 Nxd5 18. exd5 Nxe2+ 19. Qxe2 a5 20. Rbe1 Qc7 21. Qd2 Rbe8 22. Bh6 Bc8 23. Rf2 Bxh6 24. Qxh6 Qg7 25. Qxg7+ Kxg7 26. Rfe2 Kf7 27. h4 Ke7 28. Kh2 Kd6 29. Bh3 Bf5 30. Rf2 h5 31. Re3 Bd7 32. Re1 Rg8 33. Re3 Rh8 34. Re1 Rhg8 35. Re3 Rh8 36. Re1 Rhg8 37. Re3 Rh8 1/2-1/2

[Event "Perm Rating November"]
[Site "Perm"]
[Date "2010.11.16"]
[Round "2"]
[White "Antonov, Andrey P"]
[Black "Neuymina, Nadezhda"]
[Result "1-0"]
[WhiteElo "1893"]
[BlackElo "1784"]
[PlyCount "45"]
[EventDate "2010.11.15"]
[EventType "swiss"]
[EventRounds "7"]
[EventCountry "RUS"]
[SourceTitle "EXT 2022"]
[Source "ChessBase"]
[SourceDate "2021.10.06"]
[SourceVersion "1"]
[SourceVersionDate "2021.10.06"]
[SourceQuality "1"]

1. e4 c5 2. Nf3 Nc6 3. d4 cxd4 4. Nxd4 e5 5. Nxc6 bxc6 6. Bc4 Bc5 7. Qe2 Nf6 8. Bxf7+ Ke7 9. Bb3 Qb6 10. 0-0 Ba6 11. c4 Rhf8 12. Nc3 Bd6 13. Be3 Qb8 14. Rfd1 Qe8 15. Rxd6 Kxd6 16. c5+ Ke7 17. Qxa6 Qg6 18. Qd3 Ng4 19. Rd1 Rad8 20. Qd6+ Qxd6 21. cxd6+ Ke8 22. Bxa7 Rf6 23. f3 1-0

[Event "Perm Rating October"]
[Site "Perm"]
[Date "2010.10.13"]
[Round "8"]
[White "Antonov, Andrey P"]
[Black "Tiunova, Anna"]
[Result "0-1"]
[WhiteElo "1856"]
[BlackElo "1840"]
[PlyCount "74"]
[EventDate "2010.10.04"]
[EventType "swiss"]
[EventRounds "8"]
[EventCountry "RUS"]
[SourceTitle "EXT 2022"]
[Source "ChessBase"]
[SourceDate "2021.10.06"]
[SourceVersion "1"]
[SourceVersionDate "2021.10.06"]
[SourceQuality "1"]

1. e4 c5 2. Nf3 Nc6 3. d4 cxd4 4. Nxd4 Qb6 5. Nxc6 bxc6 6. Bc4 e6 7. 0-0 d5 8. exd5 cxd5 9. Bb3 Nf6 10. Nc3 Be7 11. Be3 Qa5 12. Ba4+ Bd7 13. Qd4 0-0 14. Bxd7 Nxd7 15. Bd2 Qb4 16. Qxb4 Bxb4 17. Rad1 Rab8 18. a3 Bd6 19. Na4 Ne5 20. c3 Nc4 21. Bc1 Rb3 22. Rd4 Rfb8 23. Rfd1 Be5 24. R4d3 R8b5 25. Be3 Nxe3 26. Rxe3 Bf6 27. Rf3 Ra5 28. Rf4 d4 29. Rfxd4 Bxd4 30. Rxd4 g6 31. Rd8+ Kg7 32. Rd4 e5 33. Rc4 a6 34. h4 h5 35. Kh2 f5 36. Rc7+ Kh6 37. Nc5 Rxb2 0-1

[Event "Perm Rating October"]
[Site "Perm"]
[Date "2010.10.07"]
[Round "4"]
[White "Antonov, Andrey P"]
[Black "Voronov, Vitaly N"]
[Result "1-0"]
[WhiteElo "1856"]
[BlackElo "1805"]
[PlyCount "45"]
[EventDate "2010.10.04"]
[EventType "swiss"]
[EventRounds "8"]
[EventCountry "RUS"]
[SourceTitle "EXT 2022"]
[Source "ChessBase"]
[SourceDate "2021.10.06"]
[SourceVersion "1"]
[SourceVersionDate "2021.10.06"]
[SourceQuality "1"]

1. e4 e5 2. Nf3 Nc6 3. d4 exd4 4. Nxd4 Qh4 5. Nb5 Qxe4+ 6. Be2 Bb4+ 7. Bd2 Bxd2+ 8. Nxd2 Qf4 9. g3 Qe5 10. Nc4 Qf6 11. Nxc7+ Kd8 12. Nxa8 g6 13. Qd6 Qxd6 14. Nxd6 Nh6 15. 0-0-0 Rf8 16. Rde1 Ng8 17. Bc4 Nh6 18. Bb5 Nb8 19. Re4 Ng8 20. Bc4 Nc6 21. Nxf7+ Rxf7 22. Bxf7 Nge7 23. Rhe1 1-0

[Event "Perm Rating September"]
[Site "Perm"]
[Date "2010.09.27"]
[Round "6"]
[White "Chechurin, Yury"]
[Black "Antonov, Andrey P"]
[Result "1-0"]
[WhiteElo "1771"]
[BlackElo "1856"]
[PlyCount "76"]
[EventDate "2010.09.20"]
[EventType "swiss"]
[EventRounds "7"]
[EventCountry "RUS"]
[SourceTitle "EXT 2022"]
[Source "ChessBase"]
[SourceDate "2021.10.06"]
[SourceVersion "1"]
[SourceVersionDate "2021.10.06"]
[SourceQuality "1"]

1. e4 e6 2. d4 d5 3. e5 c5 4. c3 Nc6 5. Nf3 Qb6 6. a3 cxd4 7. cxd4 Nge7 8. Bd3 Ng6 9. Bc2 Be7 10. 0-0 0-0 11. g3 Bd7 12. h4 f5 13. h5 Nh8 14. Nc3 Rac8 15. Kg2 Na5 16. Ba4 Nc6 17. Ne2 Qa6 18. Bxc6 Bxc6 19. Bg5 Bb5 20. Re1 Bxg5 21. Nxg5 Nf7 22. Nf3 Rc7 23. Nc3 Rfc8 24. Qd2 Bc4 25. Ng5 Nxg5 26. Qxg5 Qb6 27. Qd2 Bb3 28. Rac1 Rc4 29. Ne2 Rc2 30. Qg5 h6 31. Qe7 Qc6 32. Rxc2 Bxc2 33. Nf4 Re8 34. Qd6 Be4+ 35. f3 Bc2 36. Re2 Kf7 37. Qxc6 bxc6 38. Rxc2 Rc8 1-0

[Event "Perm Rating September"]
[Site "Perm"]
[Date "2010.09.20"]
[Round "1"]
[White "Shalynykh, Viktor"]
[Black "Antonov, Andrey P"]
[Result "0-1"]
[WhiteElo "2053"]
[BlackElo "1856"]
[PlyCount "46"]
[EventDate "2010.09.20"]
[EventType "swiss"]
[EventRounds "7"]
[EventCountry "RUS"]
[SourceTitle "EXT 2022"]
[Source "ChessBase"]
[SourceDate "2021.10.06"]
[SourceVersion "1"]
[SourceVersionDate "2021.10.06"]
[SourceQuality "1"]

1. e4 e6 2. d4 d5 3. Nd2 c5 4. Ngf3 Nc6 5. exd5 exd5 6. dxc5 Bxc5 7. Nb3 Bb6 8. Bg5 Nf6 9. c3 0-0 10. Be2 Bxf2+ 11. Kxf2 Ne4+ 12. Kf1 Nxg5 13. Qd2 Ne4 14. Qf4 Qb6 15. Qh4 Ne7 16. Nfd4 Ng6 17. Qe1 a5 18. Qc1 Qf6+ 19. Nf3 Ne5 20. Qe3 Ng4 21. Qd4 Qf4 22. a3 Ne3+ 23. Kg1 Nc2 0-1

[Event "Perm op-B 01"]
[Site "Perm"]
[Date "2010.01.29"]
[Round "8"]
[White "Antonov, Andrey P"]
[Black "Vshivtsev, Valery"]
[Result "1-0"]
[WhiteElo "1972"]
[BlackElo "1980"]
[PlyCount "65"]
[EventDate "2010.01.21"]
[EventType "swiss"]
[EventRounds "9"]
[EventCountry "RUS"]
[SourceTitle "EXT 2012"]
[Source "ChessBase"]
[SourceDate "2011.11.24"]
[SourceVersion "1"]
[SourceVersionDate "2011.11.24"]
[SourceQuality "1"]

1. d4 f5 2. c4 Nf6 3. Nc3 g6 4. Bf4 Bg7 5. Nf3 0-0 6. e3 d6 7. c5 Nh5 8. Bg5 h6 9. Bh4 g5 10. Bxg5 hxg5 11. Nxg5 Nf6 12. Bc4+ d5 13. Nxd5 Nxd5 14. Qh5 Rf6 15. e4 fxe4 16. Qh7+ Kf8 17. Qxe4 e6 18. 0-0-0 c6 19. Rd3 Rxf2 20. Qh4 Rf6 21. Rf3 Qe7 22. Bxd5 cxd5 23. Nh7+ Kf7 24. Qh5+ Kg8 25. Nxf6+ Bxf6 26. Qg6+ Qg7 27. Qe8+ Qf8 28. Qxf8+ Kxf8 29. Rxf6+ Ke7 30. Rhf1 Nd7 31. Rf7+ Kd8 32. g4 e5 33. g5 1-0

[Event "Perm op-B 01"]
[Site "Perm"]
[Date "2010.01.21"]
[Round "1"]
[White "Goldshtein, Grigory"]
[Black "Antonov, Andrey P"]
[Result "1-0"]
[WhiteElo "2039"]
[BlackElo "1753"]
[PlyCount "45"]
[EventDate "2010.01.21"]
[EventType "swiss"]
[EventRounds "9"]
[EventCountry "RUS"]
[SourceTitle "EXT 2012"]
[Source "ChessBase"]
[SourceDate "2011.11.24"]
[SourceVersion "1"]
[SourceVersionDate "2011.11.24"]
[SourceQuality "1"]

1. e4 c5 2. Nf3 Nc6 3. d4 cxd4 4. Nxd4 Nf6 5. Nc3 e5 6. Nde2 Bc5 7. Ng3 Qb6 8. Qf3 d6 9. h3 h5 10. Nf5 Bxf5 11. exf5 Nd4 12. Qd3 d5 13. Bg5 Qxb2 14. Rb1 Qxc2 15. Rxb7 Nf3+ 16. Qxf3 e4 17. Bb5+ Kf8 18. Qg3 Bxf2+ 19. Qxf2 Qxc3+ 20. Qd2 Qa1+ 21. Qc1 Qd4 22. Qc7 Qb4+ 23. Bd2 1-0